Top 10 des pays avec le plus de robots dans les usines - Statistiques

Statistiques générales
  • Ce quiz a été pris 73 fois
  • Le résultat moyen est 8 sur 10
Statistiques - réponses
Nombre de robots en usine pour 10 000 employées Pays % Correct
392 Chine
99%
180 France
99%
285 États Unis
97%
397 Japon
97%
415 Allemagne
90%
198 Canada
90%
1012 Corée du Sud
87%
219 Italie
79%
296 Suisse
58%
343 Suède
46%
Aucun quiz correspondant
Distribution des résultats
% des personnes avec chaque résultat
Percentile par nombre de réponses
Votre historique - résultats
Vous n’avez pas pris ce quiz